| 000 | 00773nam a22002297a 4500 | ||
|---|---|---|---|
| 999 |
_c1224 _d1224 |
||
| 003 | AR-CdUCM | ||
| 008 | 190226b ||||| |||| 00| 0 spa d | ||
| 040 |
_aMUNICIPALIDAD PROVINCIAL DEL CUSCO _cBIBLIOTECA MUNICIPAL DEL CUSCO |
||
| 082 |
_a940.53 / _bR81 |
||
| 100 |
_aRommel, Mariscal _94776 |
||
| 245 |
_aMemorias : _bLos Años de Derrota / |
||
| 260 |
_aMéxico : _bZarco, S. A. ; _c1955. |
||
| 300 |
_a306 páginas _bfotografías, mapas _c20cm |
||
| 505 | _aHistoria general de Europa, segunda Guerra Mundial | ||
| 650 |
_asegunda Guerra Mundial _94777 |
||
| 700 |
_aLiddell Hart, B. H. _94778 |
||
| 700 |
_aRommel, Lucie-Marie _94779 |
||
| 700 |
_aRommel, Manfred _94780 |
||
| 700 |
_aBayerlein, Fritz _94781 |
||
| 942 |
_2ddc _cLIBROS |
||
| 945 |
_anom _d2019-02-26 |
||